banner-ar

مقدمة فى علم الرسوبيات / (Record no. 9807)

MARC details
000 -الفاتح
حقل البيانات ثابتة الطول 00903nam a2200265Ia 4500
008 - عناصر البيانات ثابتة الطول - معلومات عامة
حقل البيانات ثابتة الطول 140319s9999 xx 000 0 ara d
020 ## - الرقم الدولى المعيارى للكتب
الرقم الدولى المعيارى للكتاب 4224105977
040 ## - مصدر الفهرسة
وكالة الفهرسة الأصلية GCL /
وكالة النسخ GCL
082 04 - رقم تصنيف ديوى العشرى
رقم التصنيف 552.5
رقم المادة س م
100 1# - المدخل الرئيسى - إسم شخصى
الإسم الشخصى سمير احمد عوض
245 10 - بيان العنوان
العنوان مقدمة فى علم الرسوبيات /
بيان المسئوليه,etc سمير احمد عوض
700 1# - المدخل الاضافى - اسم شخصى
الإسم الشخصى عبدالمنعم احمد محمود
260 ## - PUBLICATION, DISTRIBUTION, ETC. (IMPRINT)
تاريخ النشر أو التوزيع 2007
300 ## - الوصف المادى
التعداد 243 ص ؛
أبعاد الوعاء 24 سم
650 04 - المدخل الاضافى بالموضوع-مصطلح موضوعى
مصطلح موضوعي الصخور الرسوبية
650 04 - المدخل الاضافى بالموضوع-مصطلح موضوعى
مصطلح موضوعي الصخور، علم
650 04 - المدخل الاضافى بالموضوع-مصطلح موضوعى
مصطلح موضوعي الترسيب ( جيولوجيا )
650 04 - المدخل الاضافى بالموضوع-مصطلح موضوعى
مصطلح موضوعي الصخور الرسوبية - انواع
650 04 - المدخل الاضافى بالموضوع-مصطلح موضوعى
مصطلح موضوعي الصخور الرملية
650 04 - المدخل الاضافى بالموضوع-مصطلح موضوعى
مصطلح موضوعي الصخور الطينية
650 04 - المدخل الاضافى بالموضوع-مصطلح موضوعى
مصطلح موضوعي صخور الفوسفات
650 04 - المدخل الاضافى بالموضوع-مصطلح موضوعى
مصطلح موضوعي الرسوبيات - علم
942 ## - عناصر المدخل الإضافي( كوها)
مصدر التصنيف او مخطط الترفيف Dewey Decimal Classification
Koha [default] item type كتاب
260 ## - PUBLICATION, DISTRIBUTION, ETC. (IMPRINT)
-- القاهرة :
-- مكتبة الانجلوالمصرية ،
Holdings
حالة التراجع حالة الفقد حالة تلف ليس للاعارة المكان المؤقت الموقع الحالى تاريخ الاكتساب اجمالي اﻻعارات رقم الطلب الباركود تاريخ اخر مشاهدة تاريخ تفعيل السعر نوع وعاء كوها
        مكتبة القاهرة الكبرى مكتبة القاهرة الكبرى 03/26/2014   552.5\س م 20261 03/26/2014 03/26/2014 كتاب

Powered By

EGPV